| 000 | 00000nam##2200000za#4500 |
| 001 | 9.617241 |
| 003 | CaOODSP |
| 005 | 20210615102042 |
| 007 | ta |
| 008 | 150406|2004||||xxc||||| f|0| 0 eng|d |
| 040 | |aCaOODSP|beng |
| 043 | |an-cn--- |
| 086 | 1 |aNH18-22/104-130E |
| 110 | 2 |aCanada Mortgage and Housing Corporation. |
| 245 | 10|aDry and comfortable floors in existing basements |
| 260 | |bCanada Mortgage and Housing Corporation |c2004. |
| 300 | |a3p. : |btables ; |c28 cm. |
| 490 | 1 |aResearch highlight. Technical series |v04-130 |
| 520 | 3 |aThese technical papers summarize a wide range of housing-related studies, reports, and manuals. They examine issues as diverse as low-maintenance northern landscaping; policy options for achieving healthy indoor air quality; and various aspects of building performance, including high-rise building envelope performance, performance of various building materials, and evaluations of district heating systems. |
| 563 | |aPamphlet |
| 590 | |a05-06|b2005-02-11 |
| 775 | 08|tComment conserver sec et chaud le plancher du sous-sol d'une maison existante |w(CaOODSP)9.626865 |
| 776 | 0#|tDry and comfortable floors in existing basements |w(CaOODSP)9.581183 |
| 830 | #0|aResearch highlight. Technical series ;|v04-130|w(CaOODSP)9.514826 |